000 00327nam a2200133Ia 4500
005 20260328104259.0
008 260328s9999||||xx |||||||||||||| ||und||
100 _aBirks, Kimberlie
245 0 _aDesign For Children /
_cKimberlie Birks
260 _bPhaidon
300 _a226 p.
650 _aDISEÑO INDUSTRIAL
942 _cBK
999 _c10548
_d10548